Las concepciones docentes sobre la lectoescritura y los factores de éxito o fracaso escolar (Record no. 8692)

MARC details
000 -LEADER
campo de control de longitud fija 00775nam a2200193Ia 4500
001 - NÚMERO DE CONTROL
campo de control 3813
003 - IDENTIFICADOR DE NÚMERO DE CONTROL
campo de control OSt
005 - FECHA Y HORA DE LA ÚLTIMA TRANSACCIÓN
campo de control 20250224093539.0
008 - DATOS DE LONGITUD FIJA--INFORMACIÓN GENERAL
campo de control de longitud fija 241024s2013 dr a 001 0 spa d
020 ## - NÚMERO INTERNACIONAL ESTÁNDAR DEL LIBRO
Número Internacional Estándar del Libro 978-9945-8859-2-7
040 ## - FUENTE DE CATALOGACIÓN
Centro catalogador/agencia de origen CGID0026
Lengua de catalogación spa
Centro/agencia transcriptor CGID0026
Normas de descripción rda
082 ## - NÚMERO DE LA CLASIFICACIÓN DECIMAL DEWEY
Número de clasificación RD/372.41/R426c/IDEICE/2013
100 ## - ENTRADA PRINCIPAL--NOMBRE DE PERSONA
Nombre de persona República Dominicana. Ministerio de Educación: Instituto Dominicano de Evaluación e Investigación de la Calidad Educativa (IDEICE),
245 #0 - MENCIÓN DEL TÍTULO
Título Las concepciones docentes sobre la lectoescritura y los factores de éxito o fracaso escolar
Mención de responsabilidad, etc. Instituto Dominicano de Evaluación e Investigación de la Calidad Educativa (IDEICE),
260 ## - PUBLICACIÓN, DISTRIBUCIÓN, ETC.
Lugar de publicación, distribución, etc. Santo Domingo :
Nombre del editor, distribuidor, etc. IDEICE
Fecha de publicación, distribución, etc. 2013
901 ## - ELEMENTOS DE DATOS A LOCAL LDA (RLIN)
a 8/9/2014 11:03:28 a.m.
942 ## - ELEMENTOS DE ENTRADA SECUNDARIOS (KOHA)
Fuente de la clasificación o esquema de estantería Clasificación Decimal Dewey
Tipo de ítem Koha Libros
Suprimir en OPAC No
Holdings
Estatus retirado Estado de pérdida Fuente de la clasificación o esquema de estantería Estado de daño No para préstamo Biblioteca de origen Biblioteca actual Fecha de adquisición Total de préstamos Signatura topográfica completa Visto por última vez Precio de reemplazo Tipo de ítem Koha
    Clasificación Decimal Dewey     Repositorio IDEICE Repositorio IDEICE 24/02/2025   RD/372.41/R426c/IDEICE/2013 24/02/2025 24/02/2025 Libros

© 2024. Todos los Derechos Reservados. Desarrollado por IDEICE